Futuristic Movies - Sudden Death - Statistics

General Stats
  • This quiz has been taken 291 times
  • The average score is 6 of 18
Answers on the Grid
Answers color-coded by a green-red scale on the quiz's grid according to % correct below.
Alien
Avatar
Back to the Future III
Blade Runner 2049
Divergent
Dune
Ender's Game
Hunger Games
Inception
Interstellar
Jurassic Park
Kingdom of the Planet of the Apes
Mad Max: Fury Road
Minority Report
Passengers
Ready Player One
Star Trek (2009)
Star Wars
Tenet
The Incredibles
The Martian
The Prestige
The Social Network
The Tomorrow War
Total Recall
Tron
WALL-E
 
Answer Stats
Answer % Correct
Set in 2122 Alien
70%
Set in 2154 Avatar
69%
Set in 2049 Blade Runner 2049
63%
Set in some unmentioned future time, understood to be hundreds of year in the future Hunger Games
40%
Initially set in 2067, with events spanning the next ~100 years Interstellar
36%
Although not explicitly mentioned, it is set at least 100 years in the future Divergent
34%
Estimates set the events of Dune to be in 23,000 AD Dune
34%
Though Mad Max films intentionally avoid direct timeline connections, all clues point to this film taking place between the 2040s & 2060s Mad Max: Fury Road
32%
Set in 2045 Ready Player One
30%
Set in c. 2200 Ender's Game
28%
Set in 2255 Star Trek (2009)
23%
Set in 2805 WALL-E
23%
Set in c. 2328 Kingdom of the Planet of the Apes
21%
Set in 2054 Minority Report
21%
This film is estimated to be set about 1000 years in the future Passengers
20%
Set in 2084 Total Recall
13%
Set in 2035 The Martian
11%
Set in 2051 The Tomorrow War
11%
No matching quizzes found
Score Distribution
Percent of People with Each Score
Percentile by Number Answered
Your Score History
You have not taken this quiz